|
|
|
|
| LEADER |
00992nam a2200265 a 4500 |
| 001 |
15200596 |
| 008 |
091026s2001 ii w 000 0 eng d |
| 010 |
|
|
|a 2008336794
|
| 020 |
|
|
|a 8187162767
|
| 020 |
|
|
|a 9788180381546 (set)
|
| 040 |
|
|
|a DLC
|c DLC
|
| 082 |
0 |
0 |
|a 347.54/035
|2 21
|
| 110 |
1 |
|
|a India.
|b Supreme Court.
|
| 245 |
1 |
0 |
|a Supreme Court case citator, 1950-2000.
|
| 260 |
|
|
|a New Delhi :
|b LexisNexis Butterworths,
|c 2001.
|
| 300 |
|
|
|a 3 v. ;
|c 24 cm.
|
| 362 |
0 |
|
|a Vol. 2
|
| 500 |
|
|
|a Cover title.
|
| 505 |
0 |
|
|a citator 1. Cases reported -- citator 2. Cases judicially considered -- citator 3. Legislations referred to.
|
| 541 |
1 |
|
|e 00015200
|
| 610 |
1 |
0 |
|a India.
|b Supreme Court.
|
| 650 |
|
0 |
|a Annotations and citations (Law)
|z India.
|
| 852 |
4 |
|
|a Ayesha Abed Library
|j General Shelf.
|
| 999 |
|
|
|c 4839
|d 4839
|
| 952 |
|
|
|0 0
|1 0
|2 ddc
|4 0
|6 347_540350000000000_SUP_2001
|7 0
|9 4662
|a BRACUL
|b BRACUL
|c GEN
|d 2009-10-26
|g 1234.00
|l 0
|o 347.54035 SUP
|p 3010015200
|r 2009-10-26
|t 1
|v 2468.00
|w 2009-10-26
|y BK
|